000 00484nam a2200181Ia 4500
001 13535
005 20260306164808.0
008 260306t2016||||xx |||||||||||||| ||spa||
041 _aESP
082 _a004.6
_bP31
100 _aPavón Mariño, Pablo
_eAUT
245 0 _aOptimization of computer networks - modeling and algorithms:
_ba hands-on approach
260 _c2016
300 _axx, 375 páginas :
_c25 cm.
650 _aGEN
654 _aCHU
942 _cLIB
_dJUS
_fJUS
_2ddc
_n
999 _c13535
_d13535